Music Quiz

Random Music or Album Quiz

The Cure Albums Quiz Stats

 Plays Quiz Updated Mar 10, 2020

Support Sporcle.
Go Orange.
Score 0/13 Timer 04:00
1 Play Today
Year Album % Correct
1989Disintegration
79.4%
1987Kiss Me, Kiss Me, Kiss Me
74.6%
2004The Cure
74.4%
1982Pornography
74%
1985The Head on the Door
67.5%
1992Wish
64.5%
1979Three Imaginary Boys
62%
2000Bloodflowers
57.7%
1981Faith
56.8%
1980Seventeen Seconds
55.2%
1984The Top
50.3%
1996Wild Mood Swings
44.4%
20084:13 Dream
41.4%

From the Vault

Pick the Capital: Africa

by RobPro

Africa's only got 54 countries - how hard could it be?
Remove Ads.
Support Sporcle.
Get the best of Sporcle when you Go Orange. This ad-free experience offers more features, more stats, and more fun while also helping to support Sporcle. Thank you for becoming a member.

Show Comments

Extras

Top Quizzes Today


Score Distribution

Your Account Isn't Verified!

In order to create a playlist on Sporcle, you need to verify the email address you used during registration. Go to your Sporcle Settings to finish the process.

Report this User

Report this user for behavior that violates our Community Guidelines.

Details: